Poslední kojot /

Hlavní autor: Connelly, Michael, 1956-
Další autoři: Kobělka, Jiří, 1970-
Jazyk: Čeština
Vydáno: Praha : Domino, 2021
Vydání: Vydání druhé, v tomto překladu první
Témata:
Fyzický popis: 384 stran ; 22 cm
Knihy
Uloženo v:
LEADER 01600nam a2200457 i 4500
001 nkc20213319401
003 CZ PrNK
005 20210621092525.0
007 ta
008 210414s2021 xr g 000 f cze
015 |a cnb003319401 
020 |a 978-80-7498-313-9  |q (vázáno) 
035 |a (OCoLC)1260123303 
040 |a ABG001  |b cze  |d OLA001  |e rda 
041 1 |a cze  |h eng 
072 7 |a 821.111(73)-3  |x Americká próza  |2 Konspekt  |9 25 
080 |a 821.111(73)-31  |2 MRF 
080 |a (0:82-312.4)  |2 MRF 
100 1 |a Connelly, Michael,  |d 1956-  |7 jo2004213785  |4 aut 
240 1 0 |a Last coyote.  |l Česky 
245 1 0 |a Poslední kojot /  |c Michael Connelly ; z anglického originálu The last coyote ... přeložil Jiří Kobělka 
250 |a Vydání druhé, v tomto překladu první 
264 1 |a Praha :  |b Domino,  |c 2021 
300 |a 384 stran ;  |c 22 cm 
336 |a text  |b txt  |2 rdacontent 
337 |a bez média  |b n  |2 rdamedia 
338 |a svazek  |b nc  |2 rdacarrier 
500 |a Obálkový podnázev: čtvrtý případ Harryho Bosche 
655 7 |a americké romány  |7 fd131796  |2 czenas 
655 7 |a detektivní romány  |7 fd132010  |2 czenas 
655 9 |a American fiction  |2 eczenas 
655 9 |a detective novels  |2 eczenas 
700 1 |a Kobělka, Jiří,  |d 1970-  |7 jn20001103551  |4 trl 
787 0 8 |i Z cyklu:  |t Harry Bosch  |g 4 
910 2 |a BOA001  |b 2-1465.136 
920 |a 4590131  |z ABG001 
928 9 |a Albatros Media - Domino 
990 |a BK 
995 |a 01 
991 |b 202106  |c NOV 
996 6 |b 2610865483  |c 2-1465.136  |l MZK  |r Sklad / do 1 hodiny  |n 0  |p p.v.  |w 001851878  |u 000010  |a 1  |e BOA001  |j MZK50  |s P